Statistics for 1982 FIFA World Cup Results

Click here to take the quiz!

General Stats

  • This quiz has been taken 94 times
    (70 since last reset)
  • The average score is 20 of 24

Answer Stats

Nation % Correct
West Germany
100%
Italy
100%
Austria
98%
Brazil
98%
Spain
98%
Poland
98%
England
98%
France
98%
Argentina
95%
Soviet Union
95%
Belgium
88%
Algeria
85%
Yugoslavia
85%
Peru
83%
Cameroon
78%
Northern Ireland
76%
Scotland
76%
Chile
76%
Hungary
76%
New Zealand
71%
Honduras
68%
Czechoslovakia
68%
El Salvador
63%
Kuwait
61%

Score Distribution

Percentile by Number Answered

Percent of People with Each Score

Your Score History

You have not taken this quiz since the last reset